书目信息 |
| 题名: |
核磁共振实验200例——实用教程
|
|
| 作者: | 勃格 , 布朗 著 ;陶家洵 , 李勇 , 杨海军 译 | |
| 分册: | ||
| 出版信息: | 北京 化学工业出版社 2008.01 |
|
| 页数: | 537页 | |
| 开本: | 25cm | |
| 丛书名: | ||
| 单 册: | ||
| 中图分类: | O482.53-33 | |
| 科图分类: | ||
| 主题词: | 核磁共振--he ci gong zhen--实验--教材 | |
| 电子资源: | ||
| ISBN: | 978-7-122-00643-1 | |
| 000 | 01611nam0 2200301 450 | |
| 001 | 012008864139 | |
| 005 | 20080425140336.68 | |
| 010 | @a978-7-122-00643-1@b精装@dCNY86.00 | |
| 100 | @a20080424d2008 em y0chiy0120 ea | |
| 101 | 1 | @achi@ceng |
| 102 | @aCN@b110000 | |
| 105 | @aa a 000yy | |
| 106 | @ar | |
| 200 | 1 | @a核磁共振实验200例——实用教程@Ahe ci gong zhen shi yan 200 li——shi yong jiao cheng@d= 200 and more NMR experiments: a practical course@f(美) 斯蒂芬·勃格, 希格玛·布朗著@F(mei)si di fen·bo ge,xi ge ma·bu lang zhu@g陶家洵, 李勇, 杨海军译@Gtao jia xun,li yong,yang hai jun yi@zeng |
| 210 | @a北京@c化学工业出版社@d2008.01 | |
| 215 | @a537页@c图@d25cm | |
| 320 | @a有书目 | |
| 330 | @a本书针对核磁共振技术涉及原理复杂、应用领域广泛但实验操作较“难”的特点,以实验的形式讲解理论和操作。全书内容丰富,涵盖了从仪器及其调试到单脉冲、多脉冲、整形脉冲、选择性脉冲和梯度场脉冲等各种脉冲技术,以及相循环、回波/反回波、保存等价途径、去耦、滤波、极化转移、多量子、抑制水(溶剂)峰、扩散排序、魔角旋转等诸多技术,从常规的一维实验到二维、三维实验以及固体核磁、蛋白质分析应用,从氢、碳核测试到多种核素测试,从常规的静态结构分析到动态学研究,可谓包罗万象。 | |
| 500 | 10 | @a200 and more NMR experiments: a practical course@mChinese |
| 606 | 0 | @a核磁共振@Ahe ci gong zhen@x实验@j教材 |
| 690 | @aO482.53-33@v4 | |
| 701 | 1 | @a勃格@Abo ge@g(Berger, Stefan)@4著 |
| 701 | 1 | @a布朗@Abu lang@g(Braun, Siegmar)@4著 |
| 702 | 0 | @a陶家洵@Atao jia xun@4译 |
| 702 | 0 | @a李勇@Ali yong@4译 |
| 702 | 0 | @a杨海军@Ayang hai jun@4译 |
| 801 | 0 | @aCN@bQSSK@c20080425 |
| 905 | @b297773@dO482.53-33@eB932@f1 | |
| 核磁共振实验200例——实用教程= 200 and more NMR experiments: a practical course/(美) 斯蒂芬·勃格, 希格玛·布朗著/陶家洵, 李勇, 杨海军译.-北京:化学工业出版社,2008.01 |
| 537页:图;25cm |
| ISBN 978-7-122-00643-1(精装):CNY86.00 |
| 本书针对核磁共振技术涉及原理复杂、应用领域广泛但实验操作较“难”的特点,以实验的形式讲解理论和操作。全书内容丰富,涵盖了从仪器及其调试到单脉冲、多脉冲、整形脉冲、选择性脉冲和梯度场脉冲等各种脉冲技术,以及相循环、回波/反回波、保存等价途径、去耦、滤波、极化转移、多量子、抑制水(溶剂)峰、扩散排序、魔角旋转等诸多技术,从常规的一维实验到二维、三维实验以及固体核磁、蛋白质分析应用,从氢、碳核测试到多种核素测试,从常规的静态结构分析到动态学研究,可谓包罗万象。 |
| ● |
| 相关链接 |
|
|
|
正题名:核磁共振实验200例——实用教程
索取号:O482.53-33/B932
 
预约/预借
| 序号 | 登录号 | 条形码 | 馆藏地/架位号 | 状态 | 备注 |
| 1 | 297773 | 202977733 | 自科库401/401自科库 59排3列2层/ [索取号:O482.53-33/B932] | 在馆 |